000 00717nam a2200289Ia 4500
005 20260324115238.0
008 008 260324s9999 xx 000 0 eng d
020 _a9781032682792
037 _aEBOOK
040 _aCRL
040 _beng
040 _cCRL
041 _2eng
041 _aeng
084 _qCRL
100 _aTrevor A. Bryan
_91153928
245 0 _aArt of Comprehension
245 0 _bExploring Visual Texts to Foster Comprehension, Conversation, and Confidence
260 _bTaylor and Francis
260 _c2019
365 _a
365 _b135
856 _uhttp://www.taylorfrancis.com/books/9781032682792
942 _cEBOOK
999 _c1744661
_d1744661